000 00909nam a22002177a 4500
003 0
005 20251107145332.0
008 251107b xxu||||| |||| 00| 0 eng d
020 _a979-8-88836-778-0
050 _aLB 3013
_b.B43 2025
100 _aBecker, Jimmy,
_eauthor.
245 _aEffective classroom management :
_bthe essentials /
_cJimmy Becker.
260 _aNew York, NY :
_bLarsen & Keller,
_c2025.
300 _avi, 206 pages :
_bcolor illustrations ;
_c27 cm.
504 _aIncludes bibliographical references and index.
520 _a"A practical guide providing teachers with essential strategies for managing the classroom effectively. Topics include classroom structure, student behavior, expectations, routines, and positive teacher-student relationships."
650 _aClassroom management.
650 _aTeaching
_xMethods.
650 _aLearning environment.
942 _2lcc
_cBK
999 _c368504
_d368504